All Hondas Ever - Statistics

General Stats
  • This quiz has been taken 91 times
  • The average score is 24 of 90
Answer Stats
Year Introduced Answer % Correct
1972 Civic
97%
1976 Accord
87%
1995 CR-V
83%
1998 HR-V/Vezel/XR-V
72%
2022 ZR-V/HR-V
70%
2002 Pilot
69%
2001 Fit/Jazz/Life
68%
1994 Odyssey
68%
1990 NSX
58%
1981-1986 City/Jazz
56%
2019 e
56%
1978-2001 Prelude
55%
2004 Ridgeline
55%
1983-1991 CR-X
52%
1996 City/Ballade
51%
1981 City
48%
1993 Passport
48%
1999-2009 S2000
45%
1985 Integra
44%
2011-2016 CR-Z
42%
1999-2014; 2018-2022 Insight
42%
1985-2021 Legend
41%
2002-2011 Element
37%
1970-1974; 1998-2002 Z
37%
2015-2022 S660
32%
1963-1964 S500
28%
1964-1966 S600
28%
2016 BR-V
27%
2008-2014; 2016-2021 Clarity
27%
2010-2015 Crosstour
27%
1966-1970 S800
25%
1991-1996 Beat
24%
1993-1998; 2007-2010 Crossroad
23%
2008 Freed
23%
1971-1974; 1997-2014 Life
23%
2011 Brio
21%
2016 WR-V
21%
1996-2001 Logo
20%
1967-1970 N360
20%
1969-1972 N600
20%
2011 N-Box
20%
2011 Shuttle
20%
1996 Stepwgn
20%
1997 Civic Type R
18%
1992-1997 CR-X del Sol
18%
2004-2009 FR-V/Edix
18%
2012 N-One
17%
1985-1997 Today
17%
1970-1973; 1999-2018 Vamos/Vamos Hobio
17%
1969-1973 1300
15%
2000-2004 Life Dunk
15%
2002-2007 That's
15%
2005-2010 Airwave/Partner
14%
1980-1986 Ballade
14%
2019 Breeze
14%
1992-2004 Domani
14%
2004 Elysion
14%
2013-2020 Jade
14%
2001 Mobilio
14%
2000-2014 Stream
14%
1963-1967 T360/T500
14%
2013 Amaze
13%
2016 Avancier
13%
1988-1994 Concerto
13%
1996-2002 Orthia/Partner
13%
1996-2002 S-MX
13%
1998-2002 Capa
11%
2014-2020 Grace
11%
2018 N-Van
11%
1980-1985 Quint
11%
2006-2012 Zest
11%
2013 Crider
10%
2018 Envix
10%
1997-1999 EV Plus
10%
1965-1966 L700
10%
2013 N-WGN
10%
2008-2015 Spirior
10%
1989-1997 Ascot
8%
1994-1999 Horizon
8%
1999-2004 LaGreat
8%
2002-2008 Mobilio Spike
8%
1993-1997 Rafaga
8%
1997-2002 Torneo
8%
2004 UR-V
8%
2015-2019 Gienia
7%
1966-1967 L800
7%
2015-2019 Greiz
6%
1965-1966 P700
6%
1966-1967 P800
6%
1996-1998 Tourmaster
6%
No matching quizzes found
Score Distribution
Percent of People with Each Score
Percentile by Number Answered
Your Score History
You have not taken this quiz